00558nam a22001937a 4500003000500000005001700005008004100022010001000063011001000073035001000083040000900093100004700102245004800149260003900197300000700236490003800243650004500281830003800326CHAP20220329134924.0971013s1978 r 00010 d a28115 a29087 a33198 cCHAP00aLand Tenure Center. Madison, Wis. Library. aAgrarian reform in Brazilb: a bibliography aMadison, Wis. :bThe center,c1978 av. aTraining and methods seriesv; 1914aReforma agrariaxBibliografíazBrasil.0 aTraining and methods seriesv; 19